| 000 | 00784cam a2200265 4500 | ||
|---|---|---|---|
| 008 | 090401t1994 xxu||||| |||| 00| 0 eng d | ||
| 020 | _a070490585X | ||
| 035 | _a(Sirsi) u29906 | ||
| 041 | _aeng | ||
| 050 | _a338.181 | ||
| 100 | _aAnsell, D.J. | ||
| 245 | 3 | _aAn evaluation of set-aside management in the European Union with special reference to Denmark, France, Germany and the UK. | |
| 260 |
_aReading _bCentre for Agricultural Strategy _c1994 |
||
| 300 | _a95p. ; 30cm. | ||
| 350 | _a22.5 | ||
| 490 |
_aCAS Paper _v30 |
||
| 650 | _aEUROPE COMMUNITY | ||
| 650 | _aEUROPEAN UNION | ||
| 650 | _aSET-ASIDE MANAGEMENT | ||
| 690 | _aRURAL PRACTICE | ||
| 700 | _aVincent, S.A. | ||
| 710 |
_aCentre for Agricultural Strategy _92036 |
||
| 942 | _n0 | ||
| 948 | _c04/03/1997 | ||
| 999 |
_c89467 _d89467 |
||